|
|
|
|
| LEADER |
01278nam a22003131 4500 |
| 001 |
36147 |
| 003 |
BD-DhAAL |
| 005 |
20211130141500.0 |
| 008 |
191014t1968 nyua b 000 0 eng d |
| 999 |
|
|
|c 41525
|d 41525
|
| 010 |
|
|
|a 68019667
|
| 020 |
|
|
|a 0030688051
|
| 020 |
|
|
|a 0030686857 (college ed.)
|
| 040 |
|
|
|a DLC
|c DLC
|d DLC
|d BD-DhAAL
|
| 050 |
0 |
0 |
|a LB1131
|b .R585
|
| 082 |
0 |
0 |
|a 372.1264
|2 19
|
| 100 |
1 |
|
|a Rosenthal, Robert,
|d 1933-
|9 35891
|
| 245 |
1 |
0 |
|a Pygmalion in the classroom;
|b teacher expectation and pupils' intellectual development
|c Robert Rosenthal and Lenore Jacobson.
|
| 260 |
|
|
|a New York,
|b Holt, Rinehart and Winston
|c c1968
|
| 300 |
|
|
|a xi, 240 pages :
|b illustrations ;
|c 23 cm.
|
| 504 |
|
|
|a Includes bibliographical references (pages 219-229).
|
| 526 |
|
|
|a BIED
|
| 541 |
|
|
|a Complimentary copy from BIED
|e 36147
|
| 650 |
|
0 |
|a Prediction of scholastic success.
|9 35892
|
| 650 |
|
0 |
|a Children
|x Intelligence levels.
|9 35893
|
| 700 |
1 |
|
|a Jacobson, Lenore
|9 35894
|
| 852 |
|
|
|a Ayesha Abed Library
|c BIED Collection
|
| 942 |
|
|
|2 ddc
|c BK
|
| 952 |
|
|
|0 0
|1 0
|2 ddc
|4 0
|6 372_126400000000000_ROS
|7 0
|9 66687
|a BRACUL
|b BRACUL
|c GEN
|d 2019-10-14
|e Complimentary copy from BIED
|l 0
|o 372.1264 ROS
|p 3010036147
|r 2019-10-14
|t 1
|w 2019-10-14
|y BK
|x Transferred from BIED to General Stacks
|